| 000 | 00469nam a2200181Ia 4500 | ||
|---|---|---|---|
| 005 | 20241105115249.0 | ||
| 008 | 131103s9999 xx 000 0 und d | ||
| 040 | _aLoreto College | ||
| 041 | _aEnglish | ||
| 082 |
_a900/N _bFEL |
||
| 100 | _aFelton, Monica | ||
| 245 |
_aDown the ages _b a course of history for indian schools _cMonica Felton |
||
| 260 |
_aMadras _bMacmillan _c1981 |
||
| 300 |
_a63p _b ill. |
||
| 650 | _aHistory | ||
| 850 | _aLCBED | ||
| 942 | _cBK | ||
| 999 |
_c29070 _d79549 |
||